000 00618nam a22002057a 4500
999 _c12771
_d12771
003 AR-CdUCM
008 190410b ||||| |||| 00| 0 spa d
040 _aMUNICIPALIDAD PROVINCIAL DEL CUSCO
_cBIBLIOTECA MUNICIPAL DEL CUSCO
082 _a869.56 /
_bE33
100 _aEielson, Jorge Eduardo
_918866
245 _aPoesía escrita /
260 _aLima :
_bInstituto nacional de cultura,
_c1976.
300 _a319 páginas ;
_c17 cm.
505 _aContenido: Poesía
650 _aLiteratura peruana
_9169
650 _aPoesías
_92272
650 _aSiglo XX.
_98
942 _2ddc
_cLIBROS
945 _aacv
_d2019-04-10